Work and migration life and livelihoods in a globalizing world /

Bibliographic Details
Corporate Author: ProQuest (Firm)
Other Authors: Srensen, Ninna Nyberg., Olwig, Karen Fog, 1948-
Format: Electronic eBook
Language:English
Published: London ; New York : Routledge, 2002.
Series:Transnationalism. Routledge research in transnationalism ; 4.
Subjects:
Online Access:Click to View
LEADER 01557nam a2200397Ia 4500
001 EBC171073
003 MiAaPQ
005 20200520144314.0
006 m o d |
007 cr cn|||||||||
008 010703s2002 enk sb 001 0 eng d
010 |z  2001052016 
020 |z 0415263727 
035 |a (MiAaPQ)EBC171073 
035 |a (Au-PeEL)EBL171073 
035 |a (CaPaEBR)ebr5004249 
035 |a (CaONFJC)MIL10562 
035 |a (OCoLC)264440352 
040 |a MiAaPQ  |c MiAaPQ  |d MiAaPQ 
050 4 |a HD6300  |b .S67 2002 
082 0 4 |a 331.6/2  |2 21 
245 0 0 |a Work and migration  |h [electronic resource] :  |b life and livelihoods in a globalizing world /  |c edited by Ninna Nyberg Srensen and Karen Fog Olwig. 
260 |a London ;  |a New York :  |b Routledge,  |c 2002. 
300 |a viii, 229 p. 
490 1 |a Transnationalism. Routledge research in transnationalism ;  |v 4 
504 |a Includes bibliographical references and index. 
533 |a Electronic reproduction. Ann Arbor, MI : ProQuest, 2015. Available via World Wide Web. Access may be limited to ProQuest affiliated libraries. 
650 0 |a Foreign workers. 
650 0 |a Emigration and immigration  |x Economic aspects. 
650 0 |a Globalization  |x Economic aspects. 
655 4 |a Electronic books. 
700 1 |a Srensen, Ninna Nyberg. 
700 1 |a Olwig, Karen Fog,  |d 1948- 
710 2 |a ProQuest (Firm) 
830 0 |a Transnationalism.  |p Routledge research in transnationalism ;  |v 4. 
856 4 0 |u https://ebookcentral.proquest.com/lib/matrademy/detail.action?docID=171073  |z Click to View